[Event "GER-chT U20"]
[Site "Braunschweig"]
[Date "2019.12.28"]
[Round "3.3"]
[White "Hoffmann, Lennard"]
[Black "Eurich, Alexander"]
[Result "1-0"]
[WhiteElo "2059"]
[BlackElo "1741"]
[PlyCount "69"]
[EventDate "2019.12.27"]
[EventType "team-swiss"]
[EventRounds "7"]
[EventCountry "GER"]
[SourceTitle "CBM 194 Extra"]
[Source "ChessBase"]
[SourceDate "2020.03.31"]
[SourceVersion "1"]
[SourceVersionDate "2020.03.31"]
[SourceQuality "1"]
[WhiteTeam "Magdeburg Aufbau Elbe"]
[BlackTeam "Biberach"]
[WhiteTeamCountry "GER"]
[BlackTeamCountry "GER"]

1. e4 c5 2. Nf3 g6 3. d4 cxd4 4. Qxd4 Nf6 5. e5 Nc6 6. Qc4 d5 7. exd6 Qxd6 8. Bf4 Qe6+ 9. Be2 Bg7 10. Nc3 0-0 11. h3 Qxc4 12. Bxc4 Bf5 13. 0-0-0 Na5 14. Bd3 Bxd3 15. Rxd3 Nc6 16. Rhd1 Rfd8 17. Ne5 Rxd3 18. Nxd3 Rd8 19. Be3 Nd5 20. Nxd5 Rxd5 21. c4 Rd8 22. b4 b6 23. c5 b5 24. Kc2 f5 25. f4 e5 26. fxe5 Bxe5 27. Nxe5 Nxb4+ 28. Kb3 Rxd1 29. Kxb4 Re1 30. c6 Rxe3 31. c7 Re4+ 32. Ka5 Rxe5 33. c8Q+ Kf7 34. Qh8 Ke6 35. Qxh7 1-0

[Event "GER-chT U20"]
[Site "Braunschweig"]
[Date "2019.12.27"]
[Round "2.8"]
[White "Eurich, Alexander"]
[Black "Hoenselaar, Dennis"]
[Result "1-0"]
[WhiteElo "1741"]
[BlackElo "1769"]
[PlyCount "85"]
[EventDate "2019.12.27"]
[EventType "team-swiss"]
[EventRounds "7"]
[EventCountry "GER"]
[SourceTitle "CBM 194 Extra"]
[Source "ChessBase"]
[SourceDate "2020.03.31"]
[SourceVersion "1"]
[SourceVersionDate "2020.03.31"]
[SourceQuality "1"]
[WhiteTeam "Biberach"]
[BlackTeam "Kleve Turm"]
[WhiteTeamCountry "GER"]
[BlackTeamCountry "GER"]

1. e4 g6 2. d4 Bg7 3. Bf4 d6 4. c3 e6 5. Nf3 Ne7 6. Bb5+ Bd7 7. Qe2 0-0 8. 0-0 Qe8 9. Na3 a6 10. Bd3 Bc6 11. Rfe1 b6 12. Nc4 Nc8 13. e5 d5 14. Ne3 Bb7 15. Ng4 Nd7 16. Qd2 f6 17. exf6 Nxf6 18. Nxf6+ Bxf6 19. Bxc7 Qf7 20. Bg3 Ne7 21. Be5 Nc6 22. Bxf6 Qxf6 23. Re2 Rae8 24. Rae1 Bc8 25. Qg5 Qg7 26. b4 b5 27. a4 bxa4 28. Ra1 Bd7 29. Bxa6 Rf5 30. Qg3 e5 31. dxe5 Nxe5 32. Nd4 Rff8 33. Rae1 Nc4 34. Bb7 Qf7 35. Rxe8 Rxe8 36. Rxe8+ Bxe8 37. Qb8 Qd7 38. Bxd5+ Qxd5 39. Qxe8+ Kg7 40. Qxa4 Qe4 41. Qd1 Ne5 42. h3 Nd3 43. Qe2 1-0

[Event "GER-chT U12"]
[Site "Verden"]
[Date "2012.12.29"]
[Round "5.1"]
[White "Eurich, Alexander"]
[Black "Poetsch, Leonore"]
[Result "0-1"]
[WhiteElo "1120"]
[BlackElo "1148"]
[PlyCount "108"]
[EventDate "2012.12.27"]
[EventType "team-swiss"]
[EventRounds "7"]
[EventCountry "GER"]
[SourceTitle "EXT 2014"]
[Source "ChessBase"]
[SourceDate "2013.11.20"]
[SourceVersion "1"]
[SourceVersionDate "2013.11.20"]
[SourceQuality "1"]
[WhiteTeam "Biberach"]
[BlackTeam "Schoeneck"]
[WhiteTeamCountry "GER"]
[BlackTeamCountry "GER"]

1. e4 e6 2. c4 d5 3. cxd5 exd5 4. exd5 Qxd5 5. Nc3 Qa5 6. Bc4 Nf6 7. Nf3 Bd6 8. 0-0 0-0 9. d3 Bg4 10. h3 Bh5 11. Bg5 Nc6 12. Nd5 Be7 13. d4 Nxd5 14. Bxe7 Ncxe7 15. Qd3 Bxf3 16. Qxf3 c6 17. Qh5 Nf6 18. Qd1 Qb6 19. Re1 Ned5 20. Rb1 Rfe8 21. Re5 Qc7 22. Rf5 Rad8 23. Qf3 Ne7 24. Rf4 Ng6 25. Rf5 Rxd4 26. Qb3 h6 27. Rc1 Nh4 28. Rc5 Re7 29. Bd3 Qd7 30. Rd1 b6 31. Rc4 c5 32. Qc3 Qd5 33. f3 Ng6 34. Rxd4 Qxd4+ 35. Qxd4 cxd4 36. Kf2 Rd7 37. g3 Kf8 38. Re1 Ne7 39. f4 Nfd5 40. a3 Ne3 41. Kf3 g6 42. g4 Rc7 43. Ke4 f5+ 44. Kxd4 Nc2+ 45. Bxc2 Rxc2 46. Ke5 Kf7 47. Kd6 Rd2+ 48. Kc7 Rxb2 49. Rd1 Rb3 50. Rd7 Rxh3 51. Kd8 Re3 52. Rxa7 fxg4 53. Rb7 g3 54. Rxb6 Rd3+ 0-1